Central Library, Doon University
WEBOPAC (ONLINE PUBLIC ACCESS CATALOGUE)

Basics of Human Genetics (Record no. 60750)

MARC details
000 -LEADER
fixed length control field 00476nam a22001937a 4500
005 - DATE & TIME
control field 20260511120441.0
008 - FIXED-LENGTH DATA ELEMENTS--GENERAL INFORMATION
fixed length control field 260511b |||||||| |||| 00| 0 eng d
020 ## - ISBN
International Standard Book Number 9789386310682
Price 395.00
040 ## - CATALOGING SOURCE
Original cataloging agency Doon University
041 ## - Language
Language English
082 ## - DDC NUMBER
Classification number 576.5
Book Number KAT
100 ## - MAIN ENTRY--PERSONAL NAME
Personal name Katira, Versha
245 ## - TITLE STATEMENT
Title Basics of Human Genetics
250 ## - EDITION STATEMENT
Edition statement 2nd
260 ## - PUBLICATION, DISTRIBUTION, ETC. (IMPRINT)
Place of publication, distribution, etc New Delhi
Name of publisher, distributor, etc CBS
Date of publication, distribution, etc 2025
300 ## - PHYSICAL DESCRIPTION
Pages 209
650 ## - Subject
Subject Environment Science (PM USHA)
942 ## - ADDED ENTRY ELEMENTS (KOHA)
Koha item type Books
100 ## - MAIN ENTRY--PERSONAL NAME
-- 26767
650 ## - Subject
-- 26725
952 ## - LOCATION AND ITEM INFORMATION (KOHA)
-- 2026-05-11
952 ## - LOCATION AND ITEM INFORMATION (KOHA)
-- 2026-05-11
952 ## - LOCATION AND ITEM INFORMATION (KOHA)
-- 2026-05-11
Holdings
Withdrawn status Lost status Source of classification or shelving scheme Damaged status Not for loan Location (home branch) Sublocation or collection (holding branch) Date acquired Koha full call number Accession No. Koha date last seen Koha item type Koha issues (times borrowed)
        Not For Loan Doon University Doon University 11.05.2026 576.5 KAT 32950 11.05.2026 Reference  
          Doon University Doon University 11.05.2026 576.5 KAT 32951 11.05.2026 Books  
          Doon University Doon University 11.05.2026 576.5 KAT 32952 11.05.2026 Books  
Contact : +91-135-2533126 (Library),+91-135-2533105 (Admin Office) , Email : doonlibrary@gmail.com

Powered by Koha